|
|
|
|
| LEADER |
00850nam a22002297a 4500 |
| 001 |
AAL4386 |
| 003 |
BD-DhAAL |
| 005 |
20160321173227.0 |
| 008 |
160321s 2000bg ||||| |||| 00| 0 ben d |
| 020 |
|
|
|a 9844830407
|
| 040 |
|
|
|a BD-DhAAL
|c BD-DhAAL
|
| 082 |
|
|
|2 22
|a 613.7
|
| 100 |
|
|
|a রফিক, আহমদ
|9 18703
|
| 245 |
|
|
|a 'ফিট' থাকুন দেহে মনে /
|c আহমদ রফিক
|
| 264 |
|
|
|6 ঢাকা :
|8 দিব্য প্রকাশ,
|a ২০০০
|
| 300 |
|
|
|a ১৫১ পৃ. ;
|c ২২ সে.মি.
|
| 541 |
|
|
|e 4386
|
| 650 |
|
|
|a Physical fitness.
|9 18704
|
| 852 |
|
|
|a Savar Campus Library
|c General Shelf
|
| 942 |
|
|
|2 ddc
|c BK
|
| 999 |
|
|
|c 37188
|d 37188
|
| 952 |
|
|
|0 0
|1 0
|2 ddc
|4 0
|6 613_700000000000000_RAF
|7 0
|9 58465
|a SCL
|b SCL
|c GEN
|d 2016-03-21
|g 100.00
|l 0
|o 613.7 RAF
|p 3020004386
|r 2016-03-21
|t 1
|w 2016-03-21
|y BK
|